00241pab a2200085 454500008003600000100002300036245004100059650001900100773003600119180718b xxu||||| |||| 00| 0 eng d aChakraborty, Tapan aHow to improve police image in India aPolice - India aPolice Research and Development